000 00421nam a2200157Ia 4500
008 210210b1997 xxu||||| |||| 00| 0 eng d
020 _a81 7480 025 5
082 _a590 SAHN
100 _aSAHGAL (BITTU), Ed.
245 _aPredators & prey: nature strikes a balance.
260 _aND
_bVigyan prasar & sanctuary Magazine
_c1997
300 _aii,64
650 _aPredators Prey
690 _aZoology
906 _a052538
999 _c100887
_d100887